[Event "Baltija Cup 18th"]
[Site "Palanga"]
[Date "2022.06.21"]
[Round "3"]
[White "Plunge, Gintautas Jurgis"]
[Black "Stremavicius, Pijus"]
[Result "0-1"]
[WhiteElo "1849"]
[BlackElo "2345"]
[PlyCount "48"]
[EventDate "2022.06.20"]
[EventType "swiss"]
[EventRounds "7"]
[EventCountry "LTU"]
[SourceTitle "CBM 209 Extra"]
[Source "ChessBase"]
[SourceDate "2022.09.30"]
[SourceVersion "1"]
[SourceVersionDate "2022.09.30"]
[SourceQuality "1"]

1. e4 d6 2. d4 Nf6 3. Nc3 g6 4. Be3 c6 5. Qd2 Nbd7 6. f3 b5 7. g4 Nb6 8. h4 h5 9. g5 Nfd7 10. f4 Bg7 11. f5 b4 12. Nd1 c5 13. Nh3 gxf5 14. exf5 cxd4 15. Bxd4 Ne5 16. Bg2 Bxf5 17. Ne3 Bg6 18. Nf4 0-0 19. Nxg6 fxg6 20. Qxb4 Rb8 21. Bxe5 Bxe5 22. 0-0-0 Kg7 23. Qe4 Rf4 24. Qd3 Na4 0-1

[Event "Plunge op-A 38th"]
[Site "Plateliai"]
[Date "2018.07.20"]
[Round "7"]
[White "Kusner, Michail"]
[Black "Plunge, Gintautas Jurgis"]
[Result "1/2-1/2"]
[WhiteElo "1771"]
[BlackElo "2010"]
[PlyCount "91"]
[EventDate "2018.07.16"]
[EventType "swiss"]
[EventRounds "9"]
[EventCountry "LTU"]
[SourceTitle "EXT 2019"]
[Source "ChessBase"]
[SourceDate "2018.10.10"]
[SourceVersion "1"]
[SourceVersionDate "2018.10.10"]
[SourceQuality "1"]

1. e4 c5 2. Nf3 a6 3. d4 cxd4 4. Nxd4 Nf6 5. Nc3 e5 6. Nb3 Bb4 7. Qd3 d5 8. exd5 Nxd5 9. Bd2 Bxc3 10. Bxc3 Nxc3 11. Qxc3 0-0 12. Qd2 Qe7 13. 0-0-0 Nc6 14. Bc4 Bf5 15. a3 Rac8 16. Bd3 Be6 17. Na1 b5 18. b4 a5 19. Bxb5 Nd4 20. Bd3 axb4 21. Qxb4 Qg5+ 22. Qd2 Qxg2 23. Rhg1 Qf3 24. Rxg7+ Kxg7 25. Qg5+ Kh8 26. Qxe5+ f6 27. Qxd4 Bf5 28. Qe3 Qxe3+ 29. fxe3 Bg6 30. Nb3 Ra8 31. Kb2 Kg7 32. Nd4 Rfe8 33. Re1 Re5 34. Bb5 Be8 35. a4 f5 36. Kb3 Kf6 37. Kb4 Rd8 38. c3 Re4 39. Rf1 Bg6 40. Rf3 Kg5 41. Bd3 Rb8+ 42. Ka3 Rh4 43. h3 Re8 44. Nxf5 Bxf5 45. Rxf5+ Kh6 46. Rf3 1/2-1/2

[Event "Plunge op-A 38th"]
[Site "Plateliai"]
[Date "2018.07.17"]
[Round "3"]
[White "Zebelis, Rimantas"]
[Black "Plunge, Gintautas Jurgis"]
[Result "1-0"]
[WhiteElo "1732"]
[BlackElo "2010"]
[PlyCount "30"]
[EventDate "2018.07.16"]
[EventType "swiss"]
[EventRounds "9"]
[EventCountry "LTU"]
[SourceTitle "EXT 2019"]
[Source "ChessBase"]
[SourceDate "2018.10.10"]
[SourceVersion "1"]
[SourceVersionDate "2018.10.10"]
[SourceQuality "1"]

1. d4 Nf6 2. c4 e6 3. Nf3 Bb4+ 4. Bd2 Qe7 5. a3 Bxd2+ 6. Nbxd2 d6 7. g3 0-0 8. Bg2 e5 9. dxe5 dxe5 10. e4 Rd8 11. Qe2 Nc6 12. h3 Be6 13. Rc1 Rd7 14. 0-0 Rad8 15. Rfe1 Rd3 1-0

[Event "LTU-chT"]
[Site "Lithuania"]
[Date "2014.03.16"]
[Round "7.4"]
[White "Plunge, Gintautas Jurgis"]
[Black "Stauskas, Lukas"]
[Result "1-0"]
[WhiteElo "2038"]
[BlackElo "1780"]
[PlyCount "107"]
[EventDate "2014.01.25"]
[EventType "team-swiss"]
[EventRounds "7"]
[EventCountry "LTU"]
[SourceTitle "EXT 2015"]
[Source "ChessBase"]
[SourceDate "2014.11.20"]
[SourceVersion "1"]
[SourceVersionDate "2014.11.20"]
[SourceQuality "1"]
[WhiteTeam "Siauliai Drakonas"]
[BlackTeam "Siauliai Tomas"]
[WhiteTeamCountry "LTU"]
[BlackTeamCountry "LTU"]

1. c4 e5 2. Nc3 Nc6 3. g3 g6 4. Bg2 Bg7 5. Nf3 Nge7 6. 0-0 0-0 7. e3 d6 8. h3 Be6 9. b3 Qc8 10. Kh2 Bd7 11. Bb2 f5 12. d4 f4 13. d5 fxg3+ 14. fxg3 Nd8 15. e4 Nf7 16. Qd3 h6 17. Ng1 g5 18. Rf2 Ng6 19. Qe2 g4 20. hxg4 Bxg4 21. Bh3 h5 22. Bxg4 hxg4 23. Raf1 Qd7 24. Bc1 Bh6 25. Rf5 Bxc1 26. Rxc1 Nh6 27. Rxf8+ Rxf8 28. Rf1 Qe7 29. Rxf8+ Kxf8 30. Qf2+ Kg7 31. Nd1 b6 32. Qe3 Qf6 33. Nf2 Nf4 34. Ne2 Ng6 35. Qxh6+ Kxh6 36. Nxg4+ Kg5 37. Nxf6 Kxf6 38. Kg2 Nf8 39. Kf3 Nd7 40. Nc3 a6 41. b4 Kg5 42. Nd1 Nb8 43. Ne3 a5 44. a3 Na6 45. bxa5 bxa5 46. Nf5 a4 47. Ng7 Nc5 48. Nf5 Nb3 49. Ke3 Kg4 50. Ng7 Na5 51. Kd3 c5 52. dxc6 Nxc6 53. Nf5 Nb8 54. Nxd6 1-0

[Event "LTU-chT"]
[Site "Lithuania"]
[Date "2014.01.25"]
[Round "1.4"]
[White "Plunge, Gintautas Jurgis"]
[Black "Bieliauskas, Marius"]
[Result "1/2-1/2"]
[WhiteElo "2038"]
[BlackElo "2140"]
[PlyCount "119"]
[EventDate "2014.01.25"]
[EventType "team-swiss"]
[EventRounds "7"]
[EventCountry "LTU"]
[SourceTitle "CBM 158 Extra"]
[Source "ChessBase"]
[SourceDate "2014.02.28"]
[SourceVersion "1"]
[SourceVersionDate "2014.02.28"]
[SourceQuality "1"]
[WhiteTeam "Siauliai Drakonas"]
[BlackTeam "Kaunas Milsa"]
[WhiteTeamCountry "LTU"]
[BlackTeamCountry "LTU"]

1. e4 c6 2. d4 d5 3. Nc3 a6 4. Nf3 Bg4 5. Be2 e6 6. 0-0 Nf6 7. h3 Bh5 8. Bg5 Be7 9. e5 Nfd7 10. Bxe7 Qxe7 11. Nb1 c5 12. c3 Nc6 13. Nbd2 0-0 14. Re1 b5 15. a3 Nb6 16. Nb3 Na4 17. Nxc5 Nxc5 18. dxc5 Bxf3 19. Bxf3 Qxc5 20. Qd3 Rac8 21. Rad1 Ne7 22. Rd2 Qc4 23. Bd1 Qxd3 24. Rxd3 a5 25. f4 b4 26. axb4 axb4 27. Bf3 Rc4 28. g3 Rfc8 29. cxb4 Rxb4 30. b3 g6 31. Ra1 Nf5 32. g4 Ne7 33. Ra4 Rcb8 34. Bd1 h6 35. Kf2 R4b5 36. h4 g5 37. hxg5 hxg5 38. f5 Nc6 39. fxe6 fxe6 40. Rc3 R5b6 41. Re3 Kf7 42. Kg3 Kg7 43. Re1 Rb4 44. Ra6 R8b6 45. Ra8 Nd4 46. Ra7+ Rb7 47. Ra8 Nxb3 48. Rh1 Rb8 49. Rxb8 Rxb8 50. Rh5 Nc5 51. Rxg5+ Kf7 52. Rh5 d4 53. Rh2 d3 54. Ra2 Rb7 55. Kf2 Kg6 56. Ke3 Rd7 57. Bf3 d2 58. Rxd2 Rxd2 59. Kxd2 Nd7 60. Bb7 1/2-1/2

[Event "EU-ch rapid"]
[Site "Warsaw"]
[Date "2013.12.14"]
[Round "2"]
[White "Kuzmicz, Krystian"]
[Black "Plunge, Gintautas Jurgis"]
[Result "1-0"]
[WhiteElo "2451"]
[BlackElo "2038"]
[PlyCount "35"]
[EventDate "2013.12.14"]
[EventType "swiss (rapid)"]
[EventRounds "11"]
[EventCountry "POL"]
[SourceTitle "CBM 157 Extra"]
[Source "ChessBase"]
[SourceDate "2013.12.19"]
[SourceVersion "1"]
[SourceVersionDate "2013.12.19"]
[SourceQuality "1"]

1. e4 c5 2. d3 Nc6 3. g3 g6 4. Bg2 Bg7 5. f4 e6 6. Nf3 Nge7 7. 0-0 d6 8. c3 0-0 9. Be3 b6 10. Na3 f5 11. Re1 Bb7 12. Bf2 a6 13. Ng5 Qd7 14. exf5 exf5 15. Qb3+ Kh8 16. Nf7+ Rxf7 17. Qxf7 Rf8 18. Qe6 1-0

[Event "LTU-chT"]
[Site "Vilnius"]
[Date "2013.03.10"]
[Round "6.4"]
[White "Plunge, Gintautas Jurgis"]
[Black "Ivanauskas, Raimundas"]
[Result "1-0"]
[WhiteElo "2042"]
[BlackElo "1729"]
[PlyCount "71"]
[EventDate "2013.01.19"]
[EventType "team-swiss"]
[EventRounds "7"]
[EventCountry "LTU"]
[SourceTitle "EXT 2014"]
[Source "ChessBase"]
[SourceDate "2013.11.20"]
[SourceVersion "1"]
[SourceVersionDate "2013.11.20"]
[SourceQuality "1"]
[WhiteTeam "Siauliai Drakonas"]
[BlackTeam "Rokiskis"]
[WhiteTeamCountry "LTU"]
[BlackTeamCountry "LTU"]

1. d4 d5 2. c4 c6 3. e3 Nf6 4. Nc3 e6 5. Nf3 Nbd7 6. Qc2 Bb4 7. Bd2 a6 8. Bd3 dxc4 9. Bxc4 b5 10. Bd3 c5 11. 0-0 Bb7 12. Ne5 Rc8 13. Rfd1 Bxc3 14. Nxd7 Qxd7 15. bxc3 0-0 16. Qb1 c4 17. Bf1 Qc7 18. f3 e5 19. Qf5 e4 20. a4 exf3 21. gxf3 Qd7 22. Qxd7 Nxd7 23. Bh3 Rfd8 24. axb5 axb5 25. Kf2 g6 26. e4 Ra8 27. Rxa8 Bxa8 28. Rb1 Nc5 29. Rxb5 Nb3 30. Bg5 Rf8 31. Bf6 h6 32. d5 Kh7 33. d6 Bc6 34. Rb6 Ra8 35. Rxc6 Ra2+ 36. Kg3 1-0

[Event "LTU-chT"]
[Site "Lithuania"]
[Date "2012.02.12"]
[Round "5"]
[White "Plunge, Gintautas Jurgis"]
[Black "Einikis, Vidmantas"]
[Result "1/2-1/2"]
[WhiteElo "2037"]
[BlackElo "2212"]
[PlyCount "99"]
[EventDate "2012.01.21"]
[EventType "team-swiss"]
[EventRounds "7"]
[EventCountry "LTU"]
[SourceTitle "CBM 146 Extra"]
[Source "ChessBase"]
[SourceDate "2012.02.29"]
[SourceVersion "1"]
[SourceVersionDate "2012.02.29"]
[SourceQuality "1"]
[WhiteTeam "Siauliai Drakonas"]
[BlackTeam "Kaunas AG"]
[WhiteTeamCountry "LTU"]
[BlackTeamCountry "LTU"]

1. e4 c5 2. c3 Nf6 3. e5 Nd5 4. d4 cxd4 5. Nf3 Nc6 6. cxd4 e6 7. Bd3 d6 8. 0-0 dxe5 9. dxe5 g6 10. Bg5 Qc7 11. Nc3 h6 12. Nb5 Qb8 13. Bh4 a6 14. Nc3 Nxc3 15. bxc3 Bg7 16. Be4 0-0 17. Bxc6 bxc6 18. Be7 Re8 19. Rb1 Qa7 20. Bd6 a5 21. Qd2 Ba6 22. Rfd1 Bc4 23. a3 c5 24. h4 Bd5 25. Qf4 Rac8 26. c4 Bc6 27. Nd2 Qa8 28. f3 Red8 29. Rb6 Rd7 30. Rdb1 Rb7 31. Qe3 Rxb6 32. Rxb6 h5 33. Bxc5 Kh7 34. Be7 Bh6 35. Bg5 Bf8 36. Rb1 Rc7 37. Kh2 Rb7 38. c5 Rxb1 39. Nxb1 Qa7 40. Nd2 Qxc5 41. Qf4 Kg8 42. Nc4 Qa7 43. Nd6 Qc7 44. Qd4 a4 45. Qc5 Qd7 46. Bf6 Qc7 47. Kg3 Qd7 48. Kh3 Kh7 49. Kg3 Kg8 50. Kh3 1/2-1/2

[Event "LTU-chT"]
[Site "Lithuania"]
[Date "2012.02.11"]
[Round "4"]
[White "Berginas, Sigitas"]
[Black "Plunge, Gintautas Jurgis"]
[Result "0-1"]
[WhiteElo "1688"]
[BlackElo "2037"]
[PlyCount "54"]
[EventDate "2012.01.21"]
[EventType "team-swiss"]
[EventRounds "7"]
[EventCountry "LTU"]
[SourceTitle "CBM 146 Extra"]
[Source "ChessBase"]
[SourceDate "2012.02.29"]
[SourceVersion "1"]
[SourceVersionDate "2012.02.29"]
[SourceQuality "1"]
[WhiteTeam "LASF"]
[BlackTeam "Siauliai Drakonas"]
[WhiteTeamCountry "LTU"]
[BlackTeamCountry "LTU"]

1. d4 Nf6 2. Nf3 g6 3. c4 Bg7 4. Nc3 0-0 5. e4 d6 6. h3 Nbd7 7. Be3 e5 8. dxe5 dxe5 9. Qc2 c6 10. Rd1 Qc7 11. Be2 Nh5 12. 0-0 Nf4 13. Bxf4 exf4 14. Nd4 Nc5 15. f3 Qe7 16. b4 Ne6 17. Nxe6 Bxe6 18. a3 Qg5 19. Kh1 a5 20. c5 axb4 21. axb4 Rfe8 22. Na4 Qg3 23. Nb6 Ra2 24. Qd3 Bxh3 25. gxh3 Qxh3+ 26. Kg1 Qg3+ 27. Kh1 Re5 0-1

[Event "LTU-chT 1011"]
[Site "Lithuania"]
[Date "2011.02.26"]
[Round "8"]
[White "Plunge, Gintautas Jurgis"]
[Black "Stremavicius, Titas"]
[Result "1/2-1/2"]
[WhiteElo "2067"]
[BlackElo "1967"]
[PlyCount "67"]
[EventDate "2010.11.06"]
[EventType "team-tourn"]
[EventRounds "9"]
[EventCountry "LTU"]
[SourceTitle "EXT 2012"]
[Source "ChessBase"]
[SourceDate "2011.11.24"]
[SourceVersion "1"]
[SourceVersionDate "2011.11.24"]
[SourceQuality "1"]

1. e4 c5 2. c3 d5 3. exd5 Qxd5 4. d4 Nf6 5. Nf3 e6 6. Be2 Nc6 7. 0-0 Be7 8. c4 Qd8 9. dxc5 Qxd1 10. Rxd1 Bxc5 11. Nc3 e5 12. Nd5 Nxd5 13. cxd5 Nd4 14. Nxd4 Bxd4 15. Be3 Bxe3 16. fxe3 Bf5 17. Rac1 Rc8 18. Bb5+ Kd8 19. d6 a6 20. Bc4 Kd7 21. Bxf7 Rxc1 22. Rxc1 Kxd6 23. Bb3 Rc8 24. Rxc8 Bxc8 25. Kf2 b5 26. a3 a5 27. Bg8 Bf5 28. b4 axb4 29. axb4 Bd3 30. g3 h6 31. Bf7 Be4 32. Be8 Bc6 33. Bxc6 Kxc6 34. e4 1/2-1/2

[Event "Baltija Cup op 7th"]
[Site "Palanga"]
[Date "2010.06.23"]
[Round "7"]
[White "Plunge, Gintautas Jurgis"]
[Black "Dzenkauskas, Jurgis"]
[Result "1-0"]
[WhiteElo "2088"]
[BlackElo "1877"]
[PlyCount "61"]
[EventDate "2010.06.20"]
[EventType "swiss"]
[EventRounds "8"]
[EventCountry "LTU"]
[SourceTitle "EXT 2022"]
[Source "ChessBase"]
[SourceDate "2021.10.06"]
[SourceVersion "1"]
[SourceVersionDate "2021.10.06"]
[SourceQuality "1"]

1. e4 c5 2. c3 d6 3. d4 cxd4 4. cxd4 Nf6 5. Nc3 e6 6. Nf3 Be7 7. Bd3 0-0 8. 0-0 b6 9. Bg5 Ba6 10. Rc1 Bxd3 11. Qxd3 a6 12. Rfd1 Nbd7 13. e5 Nd5 14. Bxe7 Qxe7 15. Nxd5 exd5 16. Qa3 Rfe8 17. exd6 Qe4 18. Re1 Qf4 19. g3 Qh6 20. Rxe8+ Rxe8 21. Rc7 Qe6 22. Qxa6 Qxd6 23. Qb7 Rd8 24. a4 h6 25. b4 Qe6 26. Kg2 g5 27. h3 f5 28. Ne5 Nxe5 29. Rg7+ Kf8 30. dxe5 Re8 31. Rh7 1-0

[Event "Baltija Cup op 7th"]
[Site "Palanga"]
[Date "2010.06.23"]
[Round "6"]
[White "Vaicekauskas, Gytis"]
[Black "Plunge, Gintautas Jurgis"]
[Result "1-0"]
[WhiteElo "1901"]
[BlackElo "2088"]
[PlyCount "47"]
[EventDate "2010.06.20"]
[EventType "swiss"]
[EventRounds "8"]
[EventCountry "LTU"]
[SourceTitle "EXT 2022"]
[Source "ChessBase"]
[SourceDate "2021.10.06"]
[SourceVersion "1"]
[SourceVersionDate "2021.10.06"]
[SourceQuality "1"]

1. e4 c5 2. Nf3 Nc6 3. Bb5 g6 4. c3 Qb6 5. Ba4 Bg7 6. 0-0 e5 7. Na3 Nge7 8. d3 d6 9. Be3 Qd8 10. d4 cxd4 11. cxd4 0-0 12. d5 Nb8 13. Nd2 f5 14. f3 Nd7 15. Nb5 Nc5 16. Bc2 b6 17. Nc4 Nb7 18. Nbxd6 Qc7 19. Nxc8 Raxc8 20. Nxb6 Qxc2 21. Nxc8 Rxc8 22. Rc1 Qxb2 23. Rxc8+ Nxc8 24. Qc1 1-0

[Event "Baltija Cup op 7th"]
[Site "Palanga"]
[Date "2010.06.20"]
[Round "1"]
[White "Plunge, Gintautas Jurgis"]
[Black "Janulynas, Jonas"]
[Result "1-0"]
[WhiteElo "2088"]
[BlackElo "1817"]
[PlyCount "29"]
[EventDate "2010.06.20"]
[EventType "swiss"]
[EventRounds "8"]
[EventCountry "LTU"]
[SourceTitle "EXT 2022"]
[Source "ChessBase"]
[SourceDate "2021.10.06"]
[SourceVersion "1"]
[SourceVersionDate "2021.10.06"]
[SourceQuality "1"]

1. c4 c6 2. e4 d5 3. exd5 cxd5 4. d4 Nf6 5. Nc3 e6 6. Nf3 Nc6 7. Bg5 Be7 8. Rc1 a6 9. Bd3 0-0 10. 0-0 Nb4 11. Bb1 dxc4 12. Qe2 b5 13. Bxf6 Nd3 14. Bxe7 Nxc1 15. Qc2 1-0

[Event "LTU-chT 0910"]
[Site "Lithuania"]
[Date "2010.04.10"]
[Round "8.24"]
[White "Plunge, Gintautas Jurgis"]
[Black "Kontrimas, Andrius"]
[Result "1-0"]
[WhiteElo "2090"]
[BlackElo "1824"]
[PlyCount "85"]
[EventDate "2009.11.07"]
[EventType "team-tourn"]
[EventRounds "9"]
[EventCountry "LTU"]
[SourceTitle "EXT 2022"]
[Source "ChessBase"]
[SourceDate "2021.10.06"]
[SourceVersion "1"]
[SourceVersionDate "2021.10.06"]
[SourceQuality "1"]
[WhiteTeam "Siauliai Drakonas"]
[BlackTeam "Plunge Bokstas II"]
[WhiteTeamCountry "LTU"]
[BlackTeamCountry "LTU"]

1. e4 e5 2. Nf3 Nc6 3. Bb5 a6 4. Ba4 Nf6 5. 0-0 b5 6. Bb3 Be7 7. Re1 d6 8. c3 Na5 9. Bc2 c5 10. d4 cxd4 11. cxd4 Qc7 12. h3 0-0 13. Nbd2 Nc6 14. Nf1 exd4 15. Ng3 Be6 16. Nf5 Bxf5 17. exf5 Rfe8 18. Bg5 h6 19. Bh4 Rac8 20. Bb3 Qa7 21. Rc1 Qd7 22. Nxd4 Nxd4 23. Rxc8 Rxc8 24. Qxd4 a5 25. a4 bxa4 26. Bxa4 Qb7 27. g4 d5 28. Qe5 Bb4 29. Rd1 Ne4 30. Qxd5 Qxd5 31. Rxd5 f6 32. Kg2 Nd2 33. Bg3 Nc4 34. Bd7 Nb6 35. Be6+ Kh7 36. Rb5 Rc6 37. Bf4 Nc4 38. Rb8 Bd6 39. Ra8 Nb6 40. Rd8 Bc7 41. Bxc7 Rxc7 42. Bg8+ Kh8 43. Bf7+ 1-0

[Event "Warsaw AIG Life rapid 9th"]
[Site "Warsaw"]
[Date "2009.12.19"]
[Round "2"]
[White "Plunge, Gintautas Jurgis"]
[Black "Swiercz, Dariusz"]
[Result "0-1"]
[WhiteElo "2090"]
[BlackElo "2493"]
[PlyCount "56"]
[EventDate "2009.12.19"]
[EventType "swiss (rapid)"]
[EventRounds "13"]
[EventCountry "POL"]
[SourceTitle "CBM 133 Extra"]
[Source "ChessBase"]
[SourceDate "2010.01.05"]
[SourceVersion "1"]
[SourceVersionDate "2010.01.05"]
[SourceQuality "1"]

1. e4 c5 2. c3 Nf6 3. e5 Nd5 4. d4 cxd4 5. Nf3 e6 6. cxd4 d6 7. Nc3 Nxc3 8. bxc3 Qc7 9. Bd2 Nd7 10. exd6 Bxd6 11. Bd3 b6 12. 0-0 Bb7 13. h3 0-0 14. Re1 Bf4 15. Qe2 Bxf3 16. gxf3 Bxd2 17. Qxd2 Nf6 18. Rac1 Rfd8 19. Re5 Rac8 20. Qf4 Qd6 21. Qh4 h6 22. Kh1 Kf8 23. f4 Qa3 24. Rg1 Rxc3 25. Qg3 Rxd3 26. Qxg7+ Ke7 27. Rxe6+ Kxe6 28. Re1+ Kd7 0-1

[Event "Panevezys op-A"]
[Site "Panevezys"]
[Date "2009.08.23"]
[Round "9"]
[White "Rimeikis, Andrius"]
[Black "Plunge, Gintautas Jurgis"]
[Result "1/2-1/2"]
[WhiteElo "1988"]
[BlackElo "2130"]
[PlyCount "70"]
[EventDate "2009.08.17"]
[EventType "swiss"]
[EventRounds "9"]
[EventCountry "LTU"]
[SourceTitle "CBM 131 Extra"]
[Source "ChessBase"]
[SourceDate "2009.09.03"]
[SourceVersion "2"]
[SourceVersionDate "2009.09.16"]
[SourceQuality "1"]

1. e4 Nf6 2. e5 Nd5 3. d4 d6 4. Nf3 Bg4 5. Be2 Nc6 6. 0-0 e6 7. Re1 Be7 8. h3 Bxf3 9. Bxf3 0-0 10. c3 Qd7 11. Qe2 Rfe8 12. g3 Rad8 13. Nd2 Nb6 14. Nc4 Nxc4 15. Qxc4 d5 16. Qd3 Na5 17. Bd1 c5 18. Bc2 g6 19. dxc5 Qc7 20. Bf4 Nc4 21. b4 b6 22. Bb3 bxc5 23. Bxc4 dxc4 24. Qxc4 Rd5 25. h4 Red8 26. Reb1 Rd3 27. a4 Qc6 28. b5 Qf3 29. Rc1 Bxh4 30. Qxc5 g5 31. Qe7 gxf4 32. Qxh4 fxg3 33. Qxg3+ Qxg3+ 34. fxg3 Rxg3+ 35. Kf2 Rdd3 1/2-1/2

[Event "Panevezys op-A"]
[Site "Panevezys"]
[Date "2009.08.21"]
[Round "7"]
[White "Rudys, Mantas"]
[Black "Plunge, Gintautas Jurgis"]
[Result "0-1"]
[WhiteElo "1799"]
[BlackElo "2130"]
[PlyCount "78"]
[EventDate "2009.08.17"]
[EventType "swiss"]
[EventRounds "9"]
[EventCountry "LTU"]
[SourceTitle "CBM 131 Extra"]
[Source "ChessBase"]
[SourceDate "2009.09.03"]
[SourceVersion "2"]
[SourceVersionDate "2009.09.16"]
[SourceQuality "1"]

1. e4 c6 2. d4 d5 3. Nc3 dxe4 4. Nxe4 Nd7 5. Nf3 Ngf6 6. Bd3 Nxe4 7. Bxe4 Nf6 8. Bd3 e6 9. 0-0 Be7 10. b3 0-0 11. c4 c5 12. Bb2 b6 13. dxc5 Bxc5 14. Qc2 h6 15. Rad1 Qe7 16. Be4 Nxe4 17. Qxe4 Bb7 18. Qf4 Bxf3 19. Qxf3 Rad8 20. g3 Rxd1 21. Rxd1 Rd8 22. Kg2 Rxd1 23. Qxd1 Qd6 24. Qxd6 Bxd6 25. Bd4 e5 26. Be3 f5 27. a4 Bc5 28. h3 Kf7 29. g4 fxg4 30. hxg4 Bxe3 31. fxe3 a5 32. Kf3 Ke6 33. e4 g6 34. Kg3 Kd6 35. Kh4 Kc5 36. g5 h5 37. Kg3 Kb4 38. Kf3 Kxb3 39. c5 bxc5 0-1

[Event "Panevezys op-A"]
[Site "Panevezys"]
[Date "2009.08.18"]
[Round "2"]
[White "Plunge, Gintautas Jurgis"]
[Black "Sulikiene, Kristina"]
[Result "1-0"]
[WhiteElo "2130"]
[BlackElo "1986"]
[PlyCount "71"]
[EventDate "2009.08.17"]
[EventType "swiss"]
[EventRounds "9"]
[EventCountry "LTU"]
[SourceTitle "CBM 131 Extra"]
[Source "ChessBase"]
[SourceDate "2009.09.03"]
[SourceVersion "2"]
[SourceVersionDate "2009.09.16"]
[SourceQuality "1"]

1. e4 e5 2. Nf3 Nf6 3. Nc3 Bb4 4. Nd5 Nxd5 5. exd5 0-0 6. c3 Ba5 7. d3 c6 8. Qb3 h6 9. Be3 d6 10. d4 exd4 11. Nxd4 Re8 12. 0-0-0 c5 13. Nf3 a6 14. Re1 b5 15. g4 Qf6 16. Be2 Qe7 17. Qc2 Nd7 18. g5 h5 19. g6 f6 20. Qf5 Nf8 21. Qxh5 Qe4 22. Bd3 Qa4 23. Kb1 Bxc3 24. bxc3 b4 25. Bc2 Qb5 26. c4 Qxc4 27. Bb3 Qe4+ 28. Bc2 Qc4 29. Rc1 Qb5 30. Bb3 Qd3+ 31. Ka1 Bd7 32. Rc4 Bf5 33. Nh4 Be4 34. Rd1 Bxg6 35. Qf3 Be4 36. Rxd3 1-0

[Event "Baltija Cup op 5th"]
[Site "Palanga"]
[Date "2008.06.18"]
[Round "5"]
[White "Rimeikis, Andrius"]
[Black "Plunge, Gintautas Jurgis"]
[Result "1/2-1/2"]
[WhiteElo "1955"]
[BlackElo "2128"]
[PlyCount "53"]
[EventDate "2008.06.16"]
[EventType "swiss"]
[EventRounds "8"]
[EventCountry "LTU"]
[SourceTitle "EXT 2022"]
[Source "ChessBase"]
[SourceDate "2021.10.06"]
[SourceVersion "1"]
[SourceVersionDate "2021.10.06"]
[SourceQuality "1"]

1. e4 c5 2. c4 Nc6 3. Nc3 g6 4. g3 Bg7 5. Bg2 e6 6. Nge2 Nge7 7. 0-0 0-0 8. d3 d6 9. Be3 Nd4 10. Rb1 Nec6 11. a3 a5 12. Qd2 Rb8 13. Bxd4 Nxd4 14. Nxd4 Bxd4 15. Kh1 Bd7 16. Ne2 b5 17. Nxd4 cxd4 18. b3 e5 19. f4 f6 20. h4 Kg7 21. Kh2 b4 22. a4 Qe7 23. Bh3 Bxh3 24. Kxh3 Qd7+ 25. f5 h6 26. g4 g5 27. h5 1/2-1/2

[Event "Baltija Cup op 5th"]
[Site "Palanga"]
[Date "2008.06.17"]
[Round "2"]
[White "Plunge, Gintautas Jurgis"]
[Black "Simanaitis, Vytautas"]
[Result "1-0"]
[WhiteElo "2128"]
[BlackElo "1920"]
[PlyCount "83"]
[EventDate "2008.06.16"]
[EventType "swiss"]
[EventRounds "8"]
[EventCountry "LTU"]
[SourceTitle "EXT 2022"]
[Source "ChessBase"]
[SourceDate "2021.10.06"]
[SourceVersion "1"]
[SourceVersionDate "2021.10.06"]
[SourceQuality "1"]

1. e4 c6 2. d4 d5 3. Nc3 dxe4 4. Nxe4 Bf5 5. Ng3 Bg6 6. h4 h6 7. Nf3 Nd7 8. h5 Bh7 9. Bd3 Bxd3 10. Qxd3 e6 11. Bf4 Qa5+ 12. Bd2 Qc7 13. 0-0-0 Ngf6 14. Kb1 0-0-0 15. Ne4 Nxe4 16. Qxe4 Nf6 17. Qe2 Bd6 18. c4 Rhe8 19. Bc3 c5 20. Ne5 Bxe5 21. dxe5 Ng8 22. Qg4 Rxd1+ 23. Rxd1 Rd8 24. Rxd8+ Qxd8 25. Kc2 Qf8 26. Qe4 Ne7 27. b4 Nf5 28. g4 cxb4 29. Be1 Nh4 30. f4 g5 31. fxg5 hxg5 32. Kb3 a5 33. Qe3 f6 34. Qa7 Qf7 35. Qa8+ Kc7 36. Qxa5+ Kc8 37. Bxb4 fxe5 38. Qa8+ Kc7 39. Ba5+ Kd6 40. Qb8+ Kc6 41. Qc8+ Kd6 42. Bb4# 1-0

[Event "Baltija Cup op 4th"]
[Site "Palanga"]
[Date "2007.06.18"]
[Round "4"]
[White "Somova, Nadezda"]
[Black "Plunge, Gintautas Jurgis"]
[Result "1/2-1/2"]
[WhiteElo "1963"]
[BlackElo "2143"]
[PlyCount "99"]
[EventDate "2007.06.16"]
[EventType "swiss"]
[EventRounds "8"]
[EventCountry "LTU"]
[SourceTitle "EXT 2022"]
[Source "ChessBase"]
[SourceDate "2021.10.06"]
[SourceVersion "1"]
[SourceVersionDate "2021.10.06"]
[SourceQuality "1"]

1. e4 c6 2. d4 d5 3. exd5 cxd5 4. c4 Nf6 5. Nc3 e6 6. c5 Be7 7. Nf3 0-0 8. Bd3 b6 9. b4 a5 10. Na4 bxc5 11. bxc5 Ba6 12. 0-0 Bxd3 13. Qxd3 Ne4 14. Bf4 f6 15. Rfc1 g5 16. Bxb8 Rxb8 17. Nd2 f5 18. f3 Nxd2 19. Qxd2 Rb4 20. Nc3 e5 21. Ne2 e4 22. f4 gxf4 23. Nxf4 Bg5 24. Rf1 Qf6 25. Rad1 Bxf4 26. Qxf4 Rxd4 27. Qg3+ Kh8 28. Qc3 Rxd1 29. Qxf6+ Rxf6 30. Rxd1 Kg7 31. Rxd5 Kf7 32. Rd7+ Kg6 33. Kf2 Rc6 34. Rd5 Kf6 35. Ke3 h5 36. Kf4 Kg6 37. Rxf5 e3 38. Re5 e2 39. Rxe2 Rxc5 40. g3 Rc4+ 41. Kf3 Ra4 42. h4 Kf5 43. Kg2 Ra3 44. Rf2+ Kg6 45. Kh2 Ra4 46. Rc2 Kh6 47. Kg2 Ra3 48. Rb2 Kg6 49. Rb6+ Kg7 50. Rb2 1/2-1/2